000 00336 a2200157 4500
001 160219
020 _a
040 _cMagnum
100 _aOrthof, Sylvia
240 1 0 _aEnferrujado, la vai o soldado
_lpor
245 1 0 _aEnferrujado, la vai o soldado
362 0 _a1899
440 1 _aSalamandra
697 _aI/GERAL
942 _cBK
999 _c160219
_d160219